| 000 | 00787nam a2200229 a 4500 | ||
|---|---|---|---|
| 001 | 30129 | ||
| 003 | BD-RjUL | ||
| 005 | 20211209051522.0 | ||
| 008 | 190327s1937 ii 000 0 eng | ||
| 020 | _c: IRs. 0.60 | ||
| 035 | _a(BD-RjUL)30214 | ||
| 040 |
_aDLC _cDLC _dDLC _beng _eBD-RjUL |
||
| 041 | _aeng | ||
| 082 |
_223 _a332.110954 _bRES 1937 |
||
| 110 | 1 |
_aReserve Bank of India. _bAgricultural Credit Department _9229718 |
|
| 245 | 1 | 0 |
_aStatutory report, under Section 55 (1) of the Reserve Bank of India act / _cReserve Bank of India. Agricultural Credit Department |
| 260 |
_aBombay: _bReserve Bank of India, _c1937. |
||
| 300 |
_a71 p. ; _c21 Cm. |
||
| 650 |
_aBanks and banking _zIndia. _9229719 |
||
| 650 |
_a Agricultural credit _zIndia. _9229720 |
||
| 942 |
_2ddc _cRAR |
||
| 999 |
_c30129 _d30129 |
||